Chemical Process Principles: Material and Energy Balances, Part-1 / (Record no. 565984)
[ view plain ]
| 000 -LEADER | |
|---|---|
| fixed length control field | 00433nam a2200133Ia 4500 |
| 008 - FIXED-LENGTH DATA ELEMENTS--GENERAL INFORMATION | |
| fixed length control field | 210430s9999 xx 000 0 und d |
| 082 ## - DEWEY DECIMAL CLASSIFICATION NUMBER | |
| Classification number | 660 H 853 C |
| 100 ## - MAIN ENTRY--PERSONAL NAME | |
| Personal name | Olaf A. Hougen, Kenneth M. Watson, Roland A. Ragatz. |
| 9 (RLIN) | 127289 |
| 245 ## - TITLE STATEMENT | |
| Title | Chemical Process Principles: Material and Energy Balances, Part-1 / |
| Statement of responsibility, etc. | Olaf A. Hougen |
| 250 ## - EDITION STATEMENT | |
| Edition statement | 2nd edition |
| 260 ## - PUBLICATION, DISTRIBUTION, ETC. | |
| Place of publication, distribution, etc. | PHOTO COPY |
| Name of publisher, distributor, etc. | PHOTO COPY |
| Date of publication, distribution, etc. | 1956 |
| 300 ## - PHYSICAL DESCRIPTION | |
| Extent | 504P |
| 942 ## - ADDED ENTRY ELEMENTS (KOHA) | |
| Koha item type | Book |
| Source of classification or shelving scheme | |
| Withdrawn status | Lost status | Damaged status | Not for loan | Permanent Location | Current Location | Date acquired | Total Checkouts | Total Renewals | Full call number | Barcode | Date last seen | Date last checked out | Price effective from | Koha item type |
|---|---|---|---|---|---|---|---|---|---|---|---|---|---|---|
| School of Chemical & Materials Engineering (SCME) | School of Chemical & Materials Engineering (SCME) | 1 | 3 | 660 H 853 C | SCME- D225 | 01/12/2024 | 09/13/2023 | 04/30/2021 | Book |
